[Event "Capablanca Memorial op 53rd"]
[Site "Havana"]
[Date "2018.05.17"]
[Round "8"]
[White "Maso Fonseca, Rider"]
[Black "Vargas Rodriguez, Wilver"]
[Result "0-1"]
[WhiteElo "2075"]
[BlackElo "2294"]
[PlyCount "54"]
[EventDate "2018.05.09"]
[EventType "swiss"]
[EventRounds "10"]
[EventCountry "CUB"]
[SourceTitle "EXT 2021"]
[Source "ChessBase"]
[SourceDate "2020.10.23"]
[SourceVersion "1"]
[SourceVersionDate "2020.10.23"]
[SourceQuality "1"]

1. Nf3 Nf6 2. d4 e6 3. e3 c5 4. Bd3 Nc6 5. 0-0 Be7 6. b3 0-0 7. a3 b6 8. Bb2 Bb7 9. Nbd2 Rc8 10. c4 cxd4 11. exd4 d5 12. Rc1 dxc4 13. bxc4 Qd7 14. Qc2 Na5 15. Ne5 Qc7 16. f4 Nc6 17. Qb1 Rcd8 18. Ndf3 h6 19. f5 Nxd4 20. Nxd4 Qxe5 21. Rce1 Qc5 22. Kh1 Rxd4 23. Bxd4 Qxd4 24. fxe6 fxe6 25. Qd1 e5 26. Qe2 e4 27. Bb1 Qe5 0-1

[Event "Capablanca Memorial op 53rd"]
[Site "Havana"]
[Date "2018.05.09"]
[Round "1"]
[White "Maso Fonseca, Rider"]
[Black "Rodriguez Rivera, Pedro"]
[Result "0-1"]
[WhiteElo "2075"]
[BlackElo "2220"]
[PlyCount "66"]
[EventDate "2018.05.09"]
[EventType "swiss"]
[EventRounds "10"]
[EventCountry "CUB"]
[SourceTitle "EXT 2019"]
[Source "ChessBase"]
[SourceDate "2018.10.10"]
[SourceVersion "1"]
[SourceVersionDate "2018.10.10"]
[SourceQuality "1"]

1. Nf3 Nf6 2. d4 d6 3. c4 Nbd7 4. Nc3 e5 5. e3 Be7 6. Be2 0-0 7. 0-0 Re8 8. Qc2 c6 9. b3 Qc7 10. Bb2 g6 11. Rfd1 Bf8 12. Rac1 exd4 13. Nxd4 Bg7 14. Rd2 Nc5 15. Bf3 a5 16. h3 Qe7 17. Ba3 Nfd7 18. g3 h5 19. Bg2 Nf6 20. Rcd1 h4 21. g4 Nxg4 22. hxg4 Bxg4 23. Re1 h3 24. Bh1 Qg5 25. Kf1 h2 26. f4 Bh3+ 27. Rg2 Qh4 28. Nf3 Qg3 29. Ng5 Bxg2+ 30. Bxg2 Rxe3 31. Ne2 Nd3 32. Qxd3 Qxe1+ 33. Kxe1 Rxd3 0-1

[Event "Adelquis Remon Memorial-E"]
[Site "Holguin"]
[Date "2017.11.03"]
[Round "4.2"]
[White "Maso Fonseca, Rider"]
[Black "Obregon Garcia, Roxangel"]
[Result "1-0"]
[WhiteElo "2089"]
[BlackElo "2076"]
[PlyCount "105"]
[EventDate "2017.11.02"]
[EventType "tourn"]
[EventRounds "10"]
[EventCountry "CUB"]
[SourceTitle "EXT 2023"]
[Source "ChessBase"]
[SourceDate "2022.10.05"]
[SourceVersion "1"]
[SourceVersionDate "2022.10.05"]
[SourceQuality "1"]

1. d4 d5 2. Nf3 Nf6 3. c4 c6 4. Nc3 a6 5. a4 g6 6. e3 Bg7 7. Bd3 0-0 8. 0-0 b6 9. Ne5 Ne8 10. f4 e6 11. b4 dxc4 12. Bxc4 Nd6 13. Bd3 Bb7 14. a5 b5 15. Bd2 Nd7 16. Qe2 Qe8 17. Ne4 Nxe4 18. Bxe4 Nf6 19. Bf3 Rc8 20. Rac1 Nd5 21. Nd3 Qe7 22. Rc2 Rfd8 23. Rfc1 Qd6 24. Nc5 Ba8 25. Nxa6 f6 26. Nc5 Re8 27. Qd3 Rcd8 28. g3 e5 29. dxe5 fxe5 30. Qb3 Kh8 31. Ne4 Qe7 32. Ng5 h6 33. Ne4 Qe6 34. Nc5 Qe7 35. Be4 exf4 36. gxf4 Qh4 37. Be1 Qg4+ 38. Rg2 Qc8 39. Rg3 g5 40. fxg5 Be5 41. gxh6 Bxg3 42. Bxg3 Nf6 43. Qb2 Rf8 44. Rf1 Kg8 45. Rxf6 Rd1+ 46. Kg2 Rd2+ 47. Qxd2 Rxf6 48. h7+ Kf7 49. Qa2+ Kg7 50. Qb2 Kf7 51. Qe5 Qd8 52. Qh5+ Ke7 53. h8Q 1-0